| 000 | 00730cam a22002295a 4500 | ||
|---|---|---|---|
| 001 | L157384 | ||
| 008 | 121120s2010 xxk f 000 0 eng d | ||
| 020 | _a9781901171361 | ||
| 035 | _a(Sirsi) u157384 | ||
| 041 | 0 | _aeng | |
| 050 | 0 | 4 | _a692.8 $2 18 |
| 110 | 2 |
_aAssociation of Consultant Architects _91156 |
|
| 245 | 0 | 0 |
_aSTPC2005 _bACA standard form of specialist contract for term partnering, issued 2010 |
| 260 |
_aBromley _bACA _c2010 |
||
| 300 |
_avi, 22p. _c30cm. |
||
| 520 | _aA standard form of term partnering contract for the procurement of term works and services. | ||
| 590 | _aKA | ||
| 651 | 4 |
_aEngland and Wales _y1543- |
|
| 690 |
_aContracts _96232 |
||
| 690 |
_aConstruction management _96230 |
||
| 942 | _n0 | ||
| 999 |
_c114743 _d114743 |
||